Rzeki w Stanach Zjednoczonych - nagła śmierć - Statystyki

Ogólne statystyki
  • Ten quiz został rozwiązany 62 razy
  • Średni wynik to 6 z 17
Answers on the Grid
Answers color-coded by a green-red scale on the quiz's grid according to % correct below.
Arkansas
Athabaska
Brazos
Canadian
Colorado
Green
Jukon
Kolorado
Kolumbia
Lena
Lerma
Mackenzie
Magdalena
Missisipi
Missouri
Nelson
Ohio
Parana
Red
Rio Grande
Rio Negro
Rzeka Świętego Warzyńca
Snake
Tennessee
Yellowstone
 
Statystyki odpowiedzi
Odpowiedź % Poprawnych
Missisipi
81%
Missouri
77%
Kolorado
62%
Arkansas
54%
Colorado
54%
Ohio
54%
Rio Grande
54%
Tennessee
46%
Rzeka Świętego Warzyńca
38%
Jukon
35%
Yellowstone
31%
Kolumbia
23%
Canadian
12%
Green
8%
Snake
8%
Brazos
4%
Red
4%
Nie znaleziono quizów pasujących do podanych kryteriów
Rozkład punktacji
Procent ludzi z każdym wynikiem
Percentyl według liczby udzielonych odpowiedzi
Twoja historia wyników
Nie rozwiązałeś tego quizu